Влияние добавок соединений меди на свойства алюмохромового катализатора; Перспективы развития фундаментальных наук; Т. 2 : Химия

Detalles Bibliográficos
Parent link:Перспективы развития фундаментальных наук=Prospects of Fundamental Sciences Development: сборник научных трудов XV Международной конференции студентов, аспирантов и молодых ученых, г. Томск, 24-27 апреля 2018 г./ Национальный исследовательский Томский политехнический университет (ТПУ) ; под ред. И. А. Курзиной, Г. А. Вороновой.— , 2018
Т. 2 : Химия.— 2018.— [С. 108-110]
Autor Principal: Евдокимов М. В.
Autor Corporativo: Национальный исследовательский Томский государственный университет (ТГУ)
Outros autores: Мерк А. А. (научный руководитель), Мамонтов Г. В.
Summary:Заглавие с экрана
The aim of present work is to study the effect of copper addition on the properties of chromia-alumina catalysts for dehydrogenation of light paraffin hydrocarbons. A series of chromia-alumina catalyst with different loading of copper (0.5-5%) was prepared using a successive impregnation technique. The synthesized samples were characterized by low-temperature N[2] sorption, XRD, H[2]-TPR and UV-vis spectroscopy. Catalytic properties of the obtained catalysts were studied in the non-oxidative dehydrogenation of isobutene to isobutylene. It was shown that the addition of copper led to change of porous structure of catalysts and provided to the growth of catalytic activity and selectivity.
Idioma:ruso
Publicado: 2018
Subjects:
Acceso en liña:http://earchive.tpu.ru/handle/11683/50730
Formato: MixedMaterials Electrónico Capítulo de libro
KOHA link:https://koha.lib.tpu.ru/cgi-bin/koha/opac-detail.pl?biblionumber=627511

MARC

LEADER 00000naa2a2200000 4500
001 627511
005 20231101133450.0
035 |a (RuTPU)RU\TPU\conf\27388 
035 |a RU\TPU\conf\27378 
090 |a 627511 
100 |a 20180911d2018 k y0rusy50 ca 
101 0 |a rus  |d eng 
102 |a RU 
105 |a y z 100zy 
135 |a drcn ---uucaa 
181 0 |a i  
182 0 |a b 
200 1 |a Влияние добавок соединений меди на свойства алюмохромового катализатора  |d Effect of copper addition on the properties of chromia-alumina catalyst  |f М. В. Евдокимов, А. А. Мерк  |g науч. рук. Г. В. Мамонтов 
203 |a Текст  |c электронный 
230 |a 1 компьютерный файл (pdf; 455 Kb) 
300 |a Заглавие с экрана 
320 |a [Библиогр.: с. 110 (3 назв.)] 
330 |a The aim of present work is to study the effect of copper addition on the properties of chromia-alumina catalysts for dehydrogenation of light paraffin hydrocarbons. A series of chromia-alumina catalyst with different loading of copper (0.5-5%) was prepared using a successive impregnation technique. The synthesized samples were characterized by low-temperature N[2] sorption, XRD, H[2]-TPR and UV-vis spectroscopy. Catalytic properties of the obtained catalysts were studied in the non-oxidative dehydrogenation of isobutene to isobutylene. It was shown that the addition of copper led to change of porous structure of catalysts and provided to the growth of catalytic activity and selectivity. 
461 1 |0 (RuTPU)RU\TPU\conf\26928  |t Перспективы развития фундаментальных наук  |l Prospects of Fundamental Sciences Development  |o сборник научных трудов XV Международной конференции студентов, аспирантов и молодых ученых, г. Томск, 24-27 апреля 2018 г.  |o в 7 т.  |f Национальный исследовательский Томский политехнический университет (ТПУ) ; под ред. И. А. Курзиной, Г. А. Вороновой  |d 2018 
463 1 |0 (RuTPU)RU\TPU\conf\26930  |t Т. 2 : Химия  |v [С. 108-110]  |d 2018 
510 1 |a Effect of copper addition on the properties of chromia-alumina catalyst  |z eng 
610 1 |a электронный ресурс 
610 1 |a добавки 
610 1 |a соединения 
610 1 |a медь 
610 1 |a катализаторы 
610 1 |a парафины 
610 1 |a дегидрирование 
610 1 |a каталитические процессы 
700 1 |a Евдокимов  |b М. В. 
701 1 |a Мерк  |b А. А. 
702 1 |a Мамонтов  |b Г. В.  |4 727 
712 0 2 |a Национальный исследовательский Томский государственный университет (ТГУ)  |c (2009- )  |2 stltpush  |3 (RuTPU)RU\TPU\col\17230 
801 2 |a RU  |b 63413507  |c 20181005  |g RCR 
856 4 |u http://earchive.tpu.ru/handle/11683/50730 
942 |c BK